| 000 | 01025nam a22003017a 4500 | ||
|---|---|---|---|
| 001 | 5034 | ||
| 003 | FISKH | ||
| 005 | 20241101114427.0 | ||
| 008 | 241101b cb ||||| |||| 00| 0 eng d | ||
| 020 | _a9780439742016 | ||
| 040 |
_aFISKH _beng _cFISKH _dFISKH |
||
| 050 | _aQA460.P8 | ||
| 082 | _a516.22 | ||
| 100 |
_aEllis, Julie _d(1961–) |
||
| 245 |
_aWhat's your angle, pythagoras? a math adventure / _cA Math Adventure by Julie Ellis illustrated by Phyllis Hornung |
||
| 250 | _aFirst printing in 2005 | ||
| 260 |
_aNew York : _bScholastic, _c2005. |
||
| 300 |
_a32 pages : _bColor illustrations ; _c25 cm |
||
| 505 | _aR | ||
| 520 | _aIn ancient Greece, young Pythagoras discovers a special number pattern (the Pythagorean theorem) and uses it to solve problems involving right triangles. | ||
| 521 | 8 |
_a670L
_bLexile |
|
| 521 | 8 |
_aR
_bRaz-Plus |
|
| 650 |
_2Fiction _aGreece |
||
| 650 |
_2Picture book _aPaperback |
||
| 700 |
_aHornung, Phyllis _dIllustrator |
||
| 942 |
_2ddc _cBK _n0 |
||
| 999 |
_c5034 _d5034 |
||